| 000 | 01205cam a2200277 a 4500 | ||
|---|---|---|---|
| 999 |
_c27074 _d27074 |
||
| 001 | 14388133 | ||
| 003 | OSt | ||
| 005 | 20170207113124.0 | ||
| 008 | 060524s2006 njua 001 0 eng | ||
| 010 | _a 2006047722 | ||
| 020 | _z159803145 (hardcover : alk. paper) | ||
| 020 | _a9781569803141 | ||
| 040 |
_aDLC _cDLC _dDLC |
||
| 050 | 0 | 0 |
_aN8795.5.M47 _bM47 2006 |
| 082 | 0 | 0 |
_a363.25092 _aB _222 |
| 100 | 1 | _aMcShane, Thomas. | |
| 245 | 1 | 4 |
_aThe stolen masterpiece tracker : _bmemoirs of the FBI's leading undercover art sleuth / _cThomas McShane with Dary Matera. |
| 260 |
_aFort Lee, NJ : _bBarricade Books, _cc2006. |
||
| 300 |
_axvii, 284 p. : _bill. ; _c24 cm. |
||
| 500 | _aIncludes indexes. | ||
| 600 | 1 | 0 | _aMcShane, Thomas. |
| 650 | 0 |
_aArt thefts _xInvestigation. |
|
| 700 | 1 |
_aMatera, Dary, _d1955- |
|
| 906 |
_a7 _bcbc _corignew _d1 _eocip _f20 _gy-gencatlg |
||
| 942 |
_2lcc _cBOOKS _hN 8795.5 .M47M47 2006 |
||